Top 20 Seattle Mariners: All-Time Home Run Leaders - Statistics

General Stats
  • This quiz has been taken 285 times
    229 since last reset
  • The average score is 10 of 20
Answer Stats
HR Player % Correct
417 Ken Griffey Jr.
100%
309 Edgar Martinez
89%
88 Tino Martinez
88%
189 Alex Rodriguez
79%
99 Ichiro Suzuki
78%
307 Jay Buhner
70%
242 Kyle Seager
61%
163 Nelson Cruz
57%
107 Robinson Cano
53%
160 Alvin Davis
48%
143 Bret Boone
47%
103 Adrian Beltre
39%
87 Mike Cameron
37%
88 Dan Wilson
35%
105 Richie Sexson
34%
96 Mitch Haniger
28%
156 Raul Ibanez
22%
95 Mike Zunino
17%
115 Jim Presley
13%
105 Ken Phelps
9%
No matching quizzes found
Score Distribution
Percent of People with Each Score
Percentile by Number Answered
Your Score History
You have not taken this quiz since the last reset